[Event "Offerspill Invitational 2020"]
[Site "Oslo"]
[Date "2020.06.18"]
[Round "9.10"]
[White "Sjoberg, Isak"]
[Black "Kvaloy, Aksel Bu"]
[Result "1-0"]
[WhiteElo "2189"]
[BlackElo "2164"]
[Annotator "TA"]
[PlyCount "63"]
[EventDate "2020.06.10"]
[EventType "swiss"]
[EventCountry "NOR"]
[SourceTitle "playchess.com"]
[Source "ChessBase"]
[SourceQuality "1"]

{[%evp 13,63,14,25,6,21,7,23,23,28,27,22,22,24,11,23,11,22,16,55,49,58,71,64,65,129,83,138,147,149,146,204,169,399,399,387,389,428,425,556,546,720,711,710,710,710,710,2112,1767,1767,1341,29992,29993]} 1. e4 c5 2. Nf3 d6 3. d4 cxd4 4. Nxd4 Nf6 5. Nc3 a6 6. Be3 e5 7. Nb3 Be6 8. h3 {B90: Sicilian Najdorf: Unusual White 6th moves, 6 Be3 Ng4 and 6 Be3 e5.} Be7 9. f4 exf4 10. Bxf4 {White has an edge.} Nc6 11. Qe2 Nd7 12. O-O-O Nce5 13. Qe3 O-O 14. Kb1 {[#]} b5 $146 ({Predecessor:} 14... Rc8 15. Be2 Qc7 16. Rhf1 Nb6 17. Qg3 Na4 18. Bd2 b5 19. Nd4 Qc5 20. Nxa4 bxa4 {½-½ (29) So,W (2760)-Nepomniachtchi,I (2773) Kolkata 2019}) 15. g4 Re8 16. Nd4 b4 17. Nd5 Bxd5 18. exd5 Nb6 (18... Ng6 $14) 19. Qb3 Bf6 (19... Bf8 $142) 20. Nc6 $16 Nxc6 21. dxc6 Re4 (21... Be5 $16) 22. Qf3 d5 $2 {[#]} (22... Re6 23. Bg2 Be5) 23. Qxe4 $3 $18 {[%mdl 512]} dxe4 24. Rxd8+ Rxd8 25. Bxa6 Rd5 26. c7 g5 27. Be3 Bd4 28. Rd1 Bxe3 29. Rxd5 {[%mdl 64] [#] Overworked Piece} Nxd5 30. c8=Q+ Kg7 31. Qb7 Nf6 32. Bc4 {Accuracy: White = 88%, Black = 38%.} 1-0